000 00257nam a22001217a 4500
008 181010b xxu||||| |||| 00| 0 eng d
041 _aeng
080 _a941
100 _a17
101 _aHIS
245 _aA History of Russia
_cClarkson
942 _2udc
_cBK
999 _c49308
_d49308